MDQL
is popping MORE tags! Check the
thread
!
Quizzes
Events
Quiz Creation
Community
Videos
Private Events
Remove Ads
Sign In
Join for FREE
Feedback
Dark Mode
Quiz Categories
Sports
Geography
Music
Movies
Television
Just For Fun
Miscellaneous
History
Literature
Language
Science
Gaming
Entertainment
Religion
Holiday
For Kids
Quiz Lab
Recent
Popular Today
Quiz Kudos Today
Editor Picks
Curator Picks
Quizzes by...
Day
Popularity
Type
Ratings
Length
Year
Community
Subscriptions
Recent Discussions
Orange Saloon
Badges
Playlists
Quests
Create
Leaderboards
Showdown
Live 5
Trivia Bingo
Activity
Puzzle Library
Sporcle Events
Private Events
Virtual Trivia
Globe League
Become a Host
Pub Owners
SporcleCon
Opinionation
Our Games
Videos
Blog
Mobile Apps
Partnerships
Remove Ads and Go Orange
Feedback
Sports
Athletes
MLB
NBA
NHL
NFL
Soccer
Sports Teams
WWE
NCAA
Football
Premier League
Basketball
Baseball
Hockey
Golf
Tennis
Cricket
Rugby
Auto Racing
Olympics
World Cup
Sports
Athletes
MLB
NBA
NHL
NFL
Soccer
Sports Teams
WWE
NCAA
Football
Premier League
Basketball
Baseball
Hockey
Golf
Tennis
Cricket
Rugby
Auto Racing
Olympics
World Cup
Random Quiz
Search Sporcle
×
Quiz Lab
Quiz Lab
Sports
New York Mets
Type in answers that appear in a list
Type in answers that appear in a list
Classic
Best Score? Go Orange.
Mets' managers Stats
Can you name the Mets' managers?
By
mvarvaro5
5m
20 Questions
1,673 Plays
1,673 Plays
1,673 Plays
Comments
Comments
Give Quiz Kudos
Give Quiz Kudos
-
- Ratings
hide this ad
Replay
Link that replays current quiz
Next Quiz
Link to next quiz in quiz playlist
You Got
0%
They Got
Avg Score
62%
Avg Friend Score
Upgrade to see
Score Distribution
Jump to the score distribution portion of the page
Score
0/20
Timer
05:00
0
Plays Today
Years
Answer
% Correct
2011-
present
Terry Collins
95%
1984-
1990
Davey Johnson
92.6%
1996-
2002
Bobby Valentine
92.2%
2005-
2008
Willie Randolph
91.2%
1962-
1965
Casey Stengel
89.2%
1968-
1971
Gil Hodges
81.9%
1972-
1975
Yogi Berra
78.9%
1977-
1981
Joe Torre
78.1%
2008-
2010
Jerry Manuel
77.4%
2003-
2004
Art Howe
74.2%
Years
Answer
% Correct
1993-
1996
Dallas Green
63.3%
1990-
1991
Bud Harrelson
62.9%
1992-
1993
Jeff Torborg
49%
1982-
1983
George Bamberger
39.4%
1965-
1967
Wes Westrum
36.5%
1983
Frank Howard
34.9%
1991
Mike Cubbage
32%
1976-
1977
Joe Frazier
30.9%
1967
Salty Parker
23.6%
1975
Roy McMillan
20.9%
Quiz Playlist
Details
Report
Send in Message
Add To Playlist
Classic:
Type in answers that appear in a list
Last Updated: Feb 23, 2017
Quiz Scoreboard
CHALLENGE
Sign Up to Join the Scoreboard
Show All
Scores
Hide
Comments
May contain spoilers
Recently Published
Colored Red Africa Blitz
by spor1
Geography
30s
Find the 'City' Movie
by crazypaving
Movies
60s
5x2 Blitz: Bands
by SL_Kpop136
Music
30s
More to Explore
Quiz From the Vault
Featured Blog Post
14 Easter Pick-up Lines to Find Eggs With
hide this ad
You Might Also Like...
Tags
New York Mets
Today's Top Quizzes in Sports
Browse Sports
hide this ad
Today's Top Quizzes in New York Mets
Browse New York Mets
Top Contributed Quizzes in Sports
1
Les entraîneurs de l'OM et du PSG au 21e siècle
2
Les meilleurs buteurs des matchs entre le PSG et l’OM
3
Players with Multiple 50 Home Run Seasons
4
2022 World Cup Stars
5
Les joueurs passés par le PSG et l'OM
6
NBA Logic Puzzle 2.0
7
Criteria MLB: Left Handed Sluggers
8
MLB Players with Two .350 Batting Average Seasons
9
Top 10 NHL Goal Scorers of All Time
10
Who Hit More Homers?
Explore More
Trending Topics
Kpop
Marvel
Anime
Disney
Crossword
NBA
Harry Potter
The Office
NFL
Song
Puzzle
Pokémon
Soccer
WWE
Country
hide this ad
More By:
mvarvaro5
Quiz
Plays
Rating
Category
Featured
Created
Mets' 30-Home-Run Seasons
3,201
4.25
Sports
Apr 22, 2016
Mets with 100 RBIs
1,820
4.50
Sports
Oct 5, 2017
Mets' 30-Stolen-Base Seasons
1,736
4.78
Sports
Aug 21, 2015
Mets starters with a sub-3.00 ERA
1,682
4.33
Sports
Oct 19, 2017
Mets' managers
1,673
4.00
Sports
Feb 23, 2017
Go to Creator's Profile
Score Distribution
Quiz Creator Spotlight
mvarvaro5
Follow
Send a Message
Quizzes Created
-
Created Quiz Play Count
-
More By This Creator
Popular Quizzes Today
1
Colored Red Africa Blitz
2
Find the 'City' Movie
3
5x2 Blitz: Bands
4
Find the US States - No Outlines Minefield
5
The Countries of the World
6
Find the US States
7
US States
8
Find the Countries of Europe - No Outlines Minefield
More Sports Quizzes
2021-22 NFL Playoff Teams Minefield
Published
Trending Quizzes
Colored Red Europe Blitz I
Colored Red Europe Blitz II
Colored Red Africa Blitz II
Colored Red Europe Blitz III
Colored Red Africa Blitz III
Recently Updated
How Do You Spell That?
pecheneg
Godzilla Movies
pecheneg
Grab Bag: 4-10 Letters
pecheneg
2024 March Madness Bracket
pecheneg
Famous TV Couples
Peacemaker
Champions League XIs: Real Madrid
pecheneg
Largest US Cities 1790-2010
pecheneg
Rides in Walt Disney World
pecheneg
Most Oscar Losses (Acting)
pecheneg
Beyoncé Albums
pecheneg
Trending Topics
Harry Potter
Kpop
Crossword
NBA
Anime
Disney
Marvel
Country
Song
Puzzle
The Office
WWE
NFL
Pokémon
Soccer
Your Account Isn't Verified!
In order to create a playlist on Sporcle, you need to verify the email address you used during registration. Go to your
Sporcle Settings
to finish the process.
Report this User
Report this user for behavior that violates our
Community Guidelines
.
Details:
Send Report
Go to the Sporcle.com Mobile Site →
Comments